• 首页
  • 本馆介绍
  • 公告通知
  • 最新文献
  • 馆藏检索
  • 电子资源
  • 读者导购
  • 参考咨询
  • 我的图书馆
  • 登录
  • 详细信息显示
  • 放入我的书架
  • 预约/预借图书
  • 作者相关作品
  • 分类相关作品
  • 丛书相关作品
  • 出版社相关作品

书目信息

  • 表格格式
  • 工作单格式
  • 卡片格式
题名:
天工雕琢
    
 
作者: 苏易 编著
分册:  
出版信息: 北京   新世界出版社  2016
页数: 248页
开本: 26cm
丛书名: 世界高端文化珍藏图鉴大系
单 册:
中图分类: G262.3-64 , TS933.21-64
科图分类:
主题词: 观赏型--guan shang xing--石--收藏--中国--图集 , 观赏型--guan shang xing--石--鉴赏--中国--图集
电子资源:
ISBN: 978-7-5104-5694-7
000 01211nam0 22002891 450
001 0127154732
005 20170327154732.0
010    @a978-7-5104-5694-7@b软精装@dCNY128.00
100    @a20160727d2016 em y0chiy50 ea
101 0  @achi
102    @aCN@b110000
105    @aa z 000yy
106    @ar
200 1  @a天工雕琢@Atian gong diao zhuo@e观赏石收藏与鉴赏@f苏易编著
210    @a北京@c新世界出版社@d2016
215    @a248页@d26cm
225 2  @a世界高端文化珍藏图鉴大系@Ashi jie gao duan wen hua zhen cang tu jian da xi
330    @a本书介绍了观赏石的历史溯源、发展趋势、形成、特性、分类、真假鉴别、保养等方面的知识。书中从多方面做了详细的解读,以期为收藏者答疑解惑。并配有图片精美,方便读者在阅读的同时,也能欣赏各类美观的观赏石图片,为广大收藏爱好者开启深入收藏、发现精品的一扇大门。
461  0 @12001 @a世界高端文化珍藏图鉴大系
517 1  @a观赏石收藏与鉴赏@Aguan shang shi shou cang yu jian shang
606 0  @a观赏型@Aguan shang xing@x石@x收藏@y中国@j图集
606 0  @a观赏型@Aguan shang xing@x石@x鉴赏@y中国@j图集
690    @aG262.3-64@v5
690    @aTS933.21-64@v5
701  0 @a苏易@Asu yi@c(收藏)@4编著
801  0 @aCN@bTANGWEI@c20170308
905    @b0963872-3@dG262.3-64@e14@f2
    
    天工雕琢:观赏石收藏与鉴赏/苏易编著.-北京:新世界出版社,2016
    248页;26cm.-(世界高端文化珍藏图鉴大系)
    
    
    ISBN 978-7-5104-5694-7(软精装):CNY128.00
    本书介绍了观赏石的历史溯源、发展趋势、形成、特性、分类、真假鉴别、保养等方面的知识。书中从多方面做了详细的解读,以期为收藏者答疑解惑。并配有图片精美,方便读者在阅读的同时,也能欣赏各类美观的观赏石图片,为广大收藏爱好者开启深入收藏、发现精品的一扇大门。
●
相关链接 在E读中查询图书 在五车中查询图书 在当当中查询图书 在豆瓣中查询图书


正题名:天工雕琢     索取号:G262.3-64/14         预约/预借

序号 登录号 条形码 馆藏地/架位号 状态 备注
1 0963872   209638720   第一样本阅览室/ [索取号:G262.3-64/14] 在馆    
2 0963873   209638739   第四借阅区/ [索取号:G262.3-64/14] 在馆    
唐山师范学院图书馆 欢迎您!
大连网信软件有限公司© 版权所有